| 000 | 00841nam a22002417a 4500 | ||
|---|---|---|---|
| 005 | 20130225124925.0 | ||
| 008 | 130225t xxu||||| |||| 00| 0 eng d | ||
| 010 | _aENG-106739 | ||
| 020 |
_a9788179753248 _c450.00 |
||
| 035 | _aEN-90272 | ||
| 037 | _bDBAD / PUB | ||
| 040 |
_adpl _bEnglish |
||
| 082 | _a954.09 | ||
| 100 |
_955100 _aAnand, Sugam |
||
| 245 |
_aWomen in modern Indian history / _cby Sugam Anand |
||
| 260 |
_aNew Delhi _bAnamika Publishers & Distributors _c2010 |
||
| 270 |
_a4697/3, 21-A, Ansari Road, Daryaganj _bNew Delhi _e110002 |
||
| 300 |
_a231p. _c23cm(Hb) |
||
| 500 | _aIncludes index | ||
| 650 | _955101 | ||
| 942 |
_2ddc _cEN _mANA _h954.09 |
||
| 999 |
_c73829 _d73829 |
||